| 000 | 00506nam a2200181 i 4500 | ||
|---|---|---|---|
| 001 | 73795 | ||
| 003 | ES-MaACL | ||
| 005 | 20240320062530.0 | ||
| 007 | t| | ||
| 008 | 040913s1961 sp ||||1| spa d | ||
| 100 | 1 |
_aGómez de la Serna, Ramón, _d1888-1963 _957901 |
|
| 245 | 1 | 4 |
_aLos muertos y las muertas / _cRamón Gómez de la Serna. |
| 250 | _a3ª ed. | ||
| 260 |
_aMadrid : _bEspasa-Calpe, _c[1961] |
||
| 300 |
_a205 p. ; _c18 cm. |
||
| 852 |
_aES-MaACL _jC-20274 _bR.47545 |
||
| 999 |
_c73795 _d73795 |
||